000 01282cam a22004097a 4500
003 CHAP
005 20220817043443.0
008 980610d1995 it b r 00110 eng d
010 _a75756
011 _a76728
020 _a925103687X
035 _a86315
040 _cCHAP
082 0 4 _a639.2
_bF3 v.346
110 2 _aFAO
245 1 2 _aA review of operational interactions between pinnipeds and fisheries
_c/by Patti A. Wickens
260 _aRome :
_bFAO,
_c1995.
300 _a86 p. :
_bcuadros ; gráfs.
410 2 _aFAO
490 0 _aDocumento técnico de pesca
_v; 346
590 _aBATCH-UPD
_b10
_c20130110
_lUCH01
_h0148
590 _aBATCH-UPD
_b10
_c20130110
_lUCH01
_h1055
590 _aBATCH-UPD
_b10
_c20130409
_lUCH01
_h2148
590 _aBATCH-UPD
_b10
_c20130410
_lUCH01
_h0650
590 _aBATCH-UPD
_b10
_c20130914
_lUCH01
_h1214
590 _aCONVERSION
_b10
_c20130109
_lUCH01
_h1341
650 1 4 _aMamíferos marinos.
_970257
650 1 4 _aPesca.
650 1 4 _aPinnipedia.
_988204
700 0 _aWickens, Patti A.
_9121816
810 0 _aFAO
830 0 0 _aDocumento técnico de pesca
_v; 346
_933242
901 _aBK
905 _aLilia Sánchez G.
942 _cLIBRO
949 _a639.2 F3 v.346
_bBC
_cFAO
_d33724000694071
_eFAO1
_h93463
_i86315
_kDonaciØn
_sb
999 _c75756
_d75756